00366nam a2200121Ia 4500008004100000040001600041041001200057082001900069100002800088245008700116260002600203300001500229230917s9999||||xx |||||||||||||| ||und|| e84863aMAIN aEnglish a372.1102 C898P aCullingfold, Cedric, ed 4aThe primary teacher: the role of the educator and the purpose of primary education aLondonbCassellc1989 aix, 165 p.